000 00298pab a2200121 454500
008 180718b xxu||||| |||| 00| 0 eng d
100 _aUmesh Nila
245 _aTime to revamp educational system
362 _a36(8), 3 Oct 93, p.9-13
650 _aEducation -- India
773 _aLink
909 _a25352
999 _c25352
_d25352